000 00897cab a22002055a 4500
001 L148311
008 090902e20090822xxk 000 0 eng d
035 _a(Sirsi) u148311
041 0 _aeng
100 1 _aBarrett, David
245 0 0 _aSound the alarm
260 _c2009
490 _aEstates Gazette
_v(0933) 22 August 2009, 62-63(2)
520 _aThe Regulation Reform (Fire Safety) Order 2005 for all non-domestic premises and their terms and penalties for non-compliance are examined. The article lists premises covered by the 2005 Order and the role of the competent person responsible for carrying out risk assessments. Outlines a range of prosecutions made under the 2005 Order.
590 _aKA
650 2 4 _aREGULATORY REFORM (FIRE SAFETY) ORDER 2005
651 4 _aEngland and Wales
_y1543-
690 _aMANAGEMENT-HEALTH AND SAFETY-FIRE SAFETY-FIRE RISK ASSESSMENT
942 _n0
999 _c81783
_d81783